Historia y leyes de los hititas. Textos del Imperio Antiguo. El Código,.

Furkejuvvon:
Bibliográfalaš dieđut
Váldodahkki: Bernabé, Alberto (autor)
Eará dahkkit: Alvarez-Pedrosa, Juan Antonio (autor)
Materiálatiipa: Girji
Almmustuhtton: Madrid, España: Akal, 2000.
Ráidu:Akal Oriente,
Fáttát:
Fáddágilkorat: Lasit fáddágilkoriid
Eai fáddágilkorat, Lasit vuosttaš fáddágilkora!

MARC

LEADER 00000nam a22000007a 4500
003 CL-VaPUC
005 20220822114715.0
008 220725t2000 ||||| |||| 00| 0 eng d
999 |c 437485  |d 437483 
020 |a 84-460-1123-9 
040 |c Pontificia Universidad Católica de Valparaíso 
082 7 |a 932.012 BER 2000  |2 22 
100 |a Bernabé, Alberto  |9 493508  |e autor 
245 |a Historia y leyes de los hititas.   |b Textos del Imperio Antiguo. El Código,.  
260 |a Madrid, España:  |b Akal,   |c 2000. 
300 |a 255 páginas.  
490 |a Akal Oriente,   |n  3.  
500 |a c.1 Donación Familia Prof. Alejandro Guzmán Brito. 
583 |c 20220725  |k Cristina María Rojas Aguilar 
650 |a Hititas  |x Cultura y civilización   |9 873795 
650 |a Derecho hitita   |x Fuentes   |9 873796 
700 |a Alvarez-Pedrosa, Juan Antonio  |e autor  |9 873797 
942 |2 ddc  |c BK  |n 0 
952 |0 0  |1 0  |2 ddc  |4 0  |6 932_012000000000000_BER_2000  |7 0  |8 C_AGB  |9 585255  |a BIBDER  |b BIBDER  |d 2022-07-25  |e Donación   |i 5653220  |o 932.012 BER 2000  |p 5653220  |r 2023-01-25  |t 1  |w 2022-07-25  |y BK_US  |k AGB